Caricamento...

AN EMPIRICAL STUDY OF DISCLOSURE PRACTICES OF ACCOUNTING STANDARDS IN INDIA

Accounting is nothing but a language to communicate the financial massage to related parties. Since accounting process involves preparation of financial statement therefore every organization is required to prepare financial statement and while preparing theses statement they must follow various acc...

Descrizione completa

Dettagli Bibliografici
Autore principale: H.S Bajpayee and Anubha Srivastava
Natura: Journal Article
Pubblicazione: Abhigyan 2010
LEADER 01833nam a22001217a 4500
999 |c 119790  |d 119790 
100 |a H.S Bajpayee and Anubha Srivastava  |9 46702 
245 |a AN EMPIRICAL STUDY OF DISCLOSURE PRACTICES OF ACCOUNTING STANDARDS IN INDIA 
260 |b Abhigyan  |c 2010 
300 |b Vol 28 No. 1 (April - June 2010) 
520 |a Accounting is nothing but a language to communicate the financial massage to related parties. Since accounting process involves preparation of financial statement therefore every organization is required to prepare financial statement and while preparing theses statement they must follow various accounting policies .There are some policies which can be used discretionally , and it leads to shows different results . Therefore accounting standards issued by ICAI in India prescribes the rules regarding treatment of different items e.g. treatment of fixed asset, depreciation, inventory etc in financial statement. This paper is an attempt to analyze the compliance of accounting standards practices in India by various companies .So far as mandatory accounting standards are concerned all the companies are complying with those all but in case of optional accounting standards there are some , which are disclosing full information regarding their compliance with the accounting standards ,and on the other hand there are some companies which are clarifying the true picture . This makes comparison difficult and as well as it doesn't give true and fair information to various related parties such as investors, employees, customers nd Government. As a conclusion it could be said that that there must be uniformity in financial statement of companies in order to make inter -firm and intra- firm comparison easy. 
942 |c JA 
952 |0 0  |1 0  |4 0  |7 0  |9 116545  |a MGUL  |b MGUL  |c JA  |d 2016-11-26  |l 0  |r 2016-11-26  |w 2016-11-26  |y JA